ការគ្រប់គ្រងធ្វើអាជីវកម្មឡូនេសាទ លេខ៦ ខេត្តពោធិសាត់ (Record no. 7678)

000 -LEADER
fixed length control field 00543nam a22001577a 4500
003 - CONTROL NUMBER IDENTIFIER
control field OSt
005 - DATE AND TIME OF LATEST TRANSACTION
control field 20160321093521.0
008 - FIXED-LENGTH DATA ELEMENTS--GENERAL INFORMATION
fixed length control field 160321b xxu||||| |||| 00| 0 eng d
040 ## - CATALOGING SOURCE
Transcribing agency RUA
082 ## - DEWEY DECIMAL CLASSIFICATION NUMBER
Classification number FIS SVA 2004 B473 Or.1
100 ## - MAIN ENTRY--PERSONAL NAME
9 (RLIN) 8078
Personal name SVAY SAMATH; ស្វាយ សំអាត
245 ## - TITLE STATEMENT
Title ការគ្រប់គ្រងធ្វើអាជីវកម្មឡូនេសាទ លេខ៦ ខេត្តពោធិសាត់
260 ## - PUBLICATION, DISTRIBUTION, ETC. (IMPRINT)
Place of publication, distribution, etc. Phnom Penh
Name of publisher, distributor, etc. RUA
Date of publication, distribution, etc. 2004
300 ## - PHYSICAL DESCRIPTION
Extent iv;29p.
Other physical details ill.
Dimensions 29cm.
942 ## - ADDED ENTRY ELEMENTS (KOHA)
Source of classification or shelving scheme
Koha item type FIS

No items available.

មជ្ឈមណ្ឌលឯការនៃសាកលវិទ្យាល័យភូមិន្ទកសិកម្មចំការដូង

Powered by Koha